000 00486nam a22001817a 4500
003 UA-OsUOA
001 16319
007 ta
008 20031227b un ||||| |||| 00| 0 ukr d
100 _aДворницька А.
942 _cSA
040 _aUA-OsUOA
_cUA-OsUOA
_dUA-OsUOA
245 _aСині птиці : [Вірші]
300 _aС.17
955 _a0
773 0 _w0
_tСім днів
_dРівне
_d2003
_g№50/12 груд./
650 7 _aКраєзнавча робота
_2UDC
999 _c302484
_d302484